[Event "Women Team Championship Preliminaries"]
[Site "Mulhouse"]
[Date "2016.05.06"]
[Round "2.1"]
[White "Brunello, Marina"]
[Black "Paehtz, Elisabeth"]
[Result "0-1"]
[WhiteElo "2336"]
[BlackElo "2489"]
[PlyCount "92"]
[EventDate "2016.05.05"]
[EventType "team"]
[EventRounds "5"]
[EventCountry "FRA"]
[WhiteTeam "Villepinte"]
[BlackTeam "Mulhouse"]

1. e4 c5 2. Nf3 Nc6 3. d4 cxd4 4. Nxd4 Qb6 5. Nb3 e6 6. Nc3 Nf6 7. Bd3 Be7 8.
Bf4 d6 9. O-O O-O 10. Nb5 Qd8 11. c4 a6 12. Nc3 b6 13. Qe2 Ne5 14. Rfd1 Qc7 15.
a4 Nfd7 16. Rac1 Bb7 17. f3 Rac8 18. Nd2 Nc5 19. Bb1 Nc6 20. Be3 Bf6 21. Bc2
Nb4 22. Ndb1 Rfd8 23. Qf2 Qe7 24. Kh1 Be5 25. a5 bxa5 26. f4 Nxc2 27. Qxc2 Bf6
28. Bf2 Qc7 29. Re1 Ba8 30. Rcd1 Rb8 31. Qe2 Qc6 32. Bg3 Qb7 33. Rd2 Nb3 34.
Rd3 Qc6 35. Qd1 Qxc4 36. Rxd6 Rxd6 37. Qxd6 Rd8 38. Qb6 h5 39. Bf2 Qb4 40. Qxa6
Nc5 41. Qe2 Nd3 42. Rf1 Nxf4 43. Qf3 Nd3 44. Qxh5 Nxf2+ 45. Rxf2 Bxe4 46. Rf1
Bg6 0-1

[Event "Women Team Championship Preliminaries"]
[Site "Mulhouse"]
[Date "2016.05.06"]
[Round "2.2"]
[White "Choisy, Mathilde"]
[Black "Bellaiche, Elise"]
[Result "0-1"]
[WhiteElo "2181"]
[BlackElo "2075"]
[PlyCount "122"]
[EventDate "2016.05.05"]
[EventType "team"]
[EventRounds "5"]
[EventCountry "FRA"]
[WhiteTeam "Mulhouse"]
[BlackTeam "Villepinte"]

1. e4 e6 2. Nf3 d5 3. e5 c5 4. b4 cxb4 5. a3 b3 6. cxb3 Be7 7. d4 Nc6 8. Bd3
Bd7 9. b4 Rc8 10. O-O a6 11. Be3 Na7 12. Qd2 Bb5 13. Nc3 Bc4 14. Bxc4 Rxc4 15.
Rfc1 b5 16. Qd3 Nc8 17. Nd2 Rc7 18. a4 Bxb4 19. Nxb5 axb5 20. Qxb5+ Rd7 21.
Qxb4 Nge7 22. Bg5 O-O 23. Rxc8 Qxc8 24. Bxe7 Re8 25. Bc5 Rb7 26. Qc3 Qc6 27. a5
Ra8 28. h3 h6 29. Nb3 Rb5 30. Rc1 Rc8 31. Qd3 Qb7 32. Bb6 Rxc1+ 33. Nxc1 Qc6
34. Nb3 Qc4 35. Qxc4 dxc4 36. Nc5 c3 37. Kf1 c2 38. Nd3 Rb3 39. Nc1 Rb1 40. Ke2
Rxc1 41. Kd2 Ra1 42. Kxc2 Kf8 43. Kb2 Ra4 44. Kb3 Ra1 45. Kb4 Ke8 46. g3 Kd7
47. Kc4 Kc6 48. Kd3 Kd5 49. Ke3 g5 50. Kf3 h5 51. g4 Ra3+ 52. Kg2 hxg4 53. hxg4
Ke4 54. Bc5 Rxa5 55. Kg3 Rxc5 56. dxc5 Kxe5 57. c6 Kd6 58. f4 f6 59. Kf3 Kxc6
60. Ke4 gxf4 61. Kxf4 Kd5 0-1

[Event "Women Team Championship Preliminaries"]
[Site "Mulhouse"]
[Date "2016.05.06"]
[Round "2.3"]
[White "Ionutiu, Adela"]
[Black "Richard, Emma"]
[Result "0-1"]
[WhiteElo "1950"]
[BlackElo "2086"]
[PlyCount "100"]
[EventDate "2016.05.05"]
[EventType "team"]
[EventRounds "5"]
[EventCountry "FRA"]
[WhiteTeam "Villepinte"]
[BlackTeam "Mulhouse"]

1. e4 c5 2. Nf3 Nc6 3. d4 cxd4 4. Nxd4 e5 5. Nb5 d6 6. c4 Be7 7. Be2 Nf6 8.
N1c3 a6 9. Na3 O-O 10. O-O Be6 11. Be3 Rc8 12. f3 Nd7 13. Nd5 Bg5 14. Qd2 Bxe3+
15. Qxe3 Nd4 16. Qd2 b5 17. Bd3 bxc4 18. Bxc4 Bxd5 19. Bxd5 Nf6 20. Bc4 d5 21.
exd5 Nxd5 22. Qf2 Nf4 23. Kh1 Rc6 24. g3 Nh3 25. Qg2 Rh6 26. Nc2 Nf5 27. Rae1
Qc7 28. Bd3 Nd4 29. Ne3 Ng5 30. Ng4 Re6 31. h4 Ngxf3 32. Rxf3 Nxf3 33. Qxf3 Qa5
34. Rf1 Qa4 35. Be4 h5 36. Ne3 Rf6 37. Qg2 Rxf1+ 38. Nxf1 Qxa2 39. Ne3 Rb8 40.
Nd1 Rd8 41. Nc3 Qa1+ 42. Kh2 Rb8 43. Bb7 Kf8 44. Qd2 Kg8 45. Qg2 e4 46. Bxe4
Rxb2 47. Bc2 g6 48. Nd5 Qc1 49. Nf6+ Kg7 50. Ne8+ Kf8 0-1

[Event "Women Team Championship Preliminaries"]
[Site "Mulhouse"]
[Date "2016.05.06"]
[Round "2.4"]
[White "Neuhauser, Salome"]
[Black "Dieuleveut, Floriane"]
[Result "0-1"]
[WhiteElo "2082"]
[BlackElo "1816"]
[PlyCount "74"]
[EventDate "2016.05.05"]
[EventType "team"]
[EventRounds "5"]
[EventCountry "FRA"]
[WhiteTeam "Mulhouse"]
[BlackTeam "Villepinte"]

1. e4 c5 2. Nf3 Nc6 3. Bb5 g6 4. Bxc6 dxc6 5. d3 Bg7 6. Nc3 Nf6 7. h3 O-O 8.
Bf4 Ne8 9. Qd2 Nc7 10. Bh6 Ne6 11. Nh2 Nd4 12. O-O-O b5 13. Ng4 f6 14. Bxg7
Kxg7 15. Qh6+ Kg8 16. f4 Rf7 17. Ne3 a5 18. g4 a4 19. e5 a3 20. b3 Qa5 21. Ne4
Ne2+ 22. Kb1 Nc3+ 23. Nxc3 Qxc3 24. Kc1 Qb2+ 25. Kd2 fxe5 26. f5 Rg7 27. Rdf1
e4 28. Nd1 Qf6 29. g5 Qd4 30. fxg6 hxg6 31. h4 Bg4 32. Ne3 Bh5 33. Nf5 e3+ 34.
Nxe3 Rh7 35. Qxh7+ Kxh7 36. Rf7+ Kg8 37. Rhf1 Re8 0-1

[Event "Women Team Championship Preliminaries"]
[Site "Mulhouse"]
[Date "2016.05.07"]
[Round "3.1"]
[White "Daulite, Daulyte"]
[Black "Haast, Anne"]
[Result "1-0"]
[WhiteElo "2392"]
[BlackElo "2309"]
[PlyCount "61"]
[EventDate "2016.05.05"]
[EventType "team"]
[EventRounds "5"]
[EventCountry "FRA"]
[WhiteTeam "Montpellier"]
[BlackTeam "Cannes"]

1. e4 e5 2. Nf3 Nc6 3. Bc4 Bc5 4. c3 Nf6 5. d3 a6 6. O-O d6 7. a4 O-O 8. Bg5 h6
9. Bh4 Ba7 10. Na3 Be6 11. b4 Qe7 12. Re1 Bxc4 13. Nxc4 Qe6 14. b5 Ne7 15. Nfd2
Ng6 16. Bg3 Nd7 17. Ne3 c6 18. Qf3 Rfc8 19. bxa6 bxa6 20. Nf5 Rab8 21. h4 Ne7
22. d4 Nxf5 23. exf5 Qd5 24. Ne4 Rb3 25. Qg4 h5 26. Qxh5 exd4 27. c4 Qa5 28.
Nxd6 Rf8 29. Re8 g6 30. Qh6 Rxg3 31. f6 1-0

[Event "Women Team Championship Preliminaries"]
[Site "Mulhouse"]
[Date "2016.05.07"]
[Round "3.2"]
[White "Bensdorp-Delabaca, Marlies"]
[Black "Vojinovic, Jovana"]
[Result "1/2-1/2"]
[WhiteElo "2223"]
[BlackElo "2344"]
[PlyCount "129"]
[EventDate "2016.05.05"]
[EventType "team"]
[EventRounds "5"]
[EventCountry "FRA"]
[WhiteTeam "Cannes"]
[BlackTeam "Montpellier"]

1. d4 e6 2. c4 f5 3. Nf3 Nf6 4. g3 d5 5. Bg2 Be7 6. O-O Ne4 7. Nbd2 O-O 8. b3
Nc6 9. Bb2 Bd7 10. Ne1 Be8 11. Ndf3 f4 12. Nd3 fxg3 13. hxg3 Bg6 14. Rc1 Bf5
15. Nde5 Nxe5 16. dxe5 c5 17. Qe1 Qe8 18. cxd5 exd5 19. Nd2 Qg6 20. Nxe4 Bxe4
21. Bxe4 Qxe4 22. f3 Qf5 23. Kg2 Rac8 24. Qd2 d4 25. e3 Bg5 26. f4 Qe4+ 27. Rf3
b5 28. exd4 cxd4 29. Qd3 Qxd3 30. Rxd3 Rxc1 31. Bxc1 Rc8 32. Bd2 Be7 33. Rxd4
Rc2 34. a4 Bc5 35. Rd8+ Kf7 36. Kf3 Ke7 37. Rd3 bxa4 38. bxa4 g6 39. a5 Ke6 40.
g4 Ra2 41. Be1 h5 42. gxh5 gxh5 43. Bd2 Kf5 44. Rd5 Rc2 45. Rd7 Ke6 46. Rd3 Kf5
47. Be3 Bxe3 48. Rxe3 Rc6 49. Kg3 Rg6+ 50. Kf3 h4 51. Re1 Rg3+ 52. Kf2 Kxf4 53.
e6 Rg8 54. e7 Re8 55. Kg2 Kf5 56. Kh3 Kf6 57. Rf1+ Kxe7 58. Rb1 Kd6 59. Rb7 Re7
60. Rxe7 Kxe7 61. Kxh4 Kd6 62. Kg4 Kc5 63. Kf4 Kb5 64. Ke4 Kxa5 65. Kd3 1/2-1/2

[Event "Women Team Championship Preliminaries"]
[Site "Mulhouse"]
[Date "2016.05.07"]
[Round "3.3"]
[White "Hamdouchi, Adina-Maria"]
[Black "Verot, Melanie"]
[Result "1-0"]
[WhiteElo "2209"]
[BlackElo "2042"]
[PlyCount "159"]
[EventDate "2016.05.05"]
[EventType "team"]
[EventRounds "5"]
[EventCountry "FRA"]
[WhiteTeam "Montpellier"]
[BlackTeam "Cannes"]

1. d4 d5 2. Bf4 Nf6 3. e3 e6 4. Nf3 Bd6 5. Bg3 O-O 6. Bd3 Nbd7 7. Nbd2 b6 8. e4
dxe4 9. Nxe4 Be7 10. Qe2 Bb7 11. O-O-O Nxe4 12. Bxe4 Bxe4 13. Qxe4 Nf6 14. Qb7
Bd6 15. Kb1 Qe8 16. c4 Qa4 17. Ne5 Rab8 18. Qf3 Rbd8 19. b3 Qa3 20. Bh4 Be7 21.
Bg5 Rfe8 22. Nc6 Rd7 23. Bc1 Qa6 24. a4 b5 25. axb5 Qb6 26. Nxe7+ Rdxe7 27. Ba3
Rd7 28. Bc5 Qb8 29. Rhe1 Rdd8 30. Ba3 Qc8 31. Qc6 e5 32. dxe5 Rxd1+ 33. Rxd1
Qf5+ 34. Ka1 Qxe5+ 35. Bb2 Qe2 36. Qf3 Qe7 37. Qd3 h6 38. f3 Qb4 39. Qc3 Qc5
40. Qd4 Qb4 41. Qc3 Qc5 42. b4 Qf2 43. Rd2 Qg1+ 44. Ka2 Qxh2 45. Qd4 Qg3 46.
Qxa7 Qe1 47. Qf2 Qe6 48. Kb3 Nd7 49. Qd4 Nf6 50. Qc5 Qe1 51. Qf2 Qe6 52. Bd4
Qf5 53. Bxf6 Qxf6 54. Qd4 Qf5 55. Qd3 Qg5 56. Re2 Rd8 57. Qe3 Qf5 58. Qe4 Qd7
59. Rc2 Qd1 60. Kb2 Qd6 61. Kc3 Qf6+ 62. Kb3 Rd4 63. Qe8+ Kh7 64. Rc3 Qg6 65.
Qe2 Qb1+ 66. Qb2 Qe1 67. Qc2+ Kg8 68. Rd3 Rxd3+ 69. Qxd3 Qg3 70. Qe2 Qd6 71.
Qe8+ Kh7 72. Qe4+ Kg8 73. c5 Qd1+ 74. Kc4 Qf1+ 75. Qd3 Qc1+ 76. Kd5 Qb2 77. Qe4
Qf6 78. Qe5 Qh4 79. Qe8+ Kh7 80. Qe4+ 1-0

[Event "Women Team Championship Preliminaries"]
[Site "Mulhouse"]
[Date "2016.05.07"]
[Round "3.4"]
[White "Gras, Delphine"]
[Black "Haussernot, Cecile"]
[Result "0-1"]
[WhiteElo "1942"]
[BlackElo "2087"]
[PlyCount "97"]
[EventDate "2016.05.05"]
[EventType "team"]
[EventRounds "5"]
[EventCountry "FRA"]
[WhiteTeam "Cannes"]
[BlackTeam "Montpellier"]

1. e4 c5 2. Nf3 d6 3. Bb5+ Nd7 4. d4 cxd4 5. Qxd4 a6 6. Bxd7+ Bxd7 7. c4 e5 8.
Qd3 Rc8 9. Nc3 Nf6 10. Bg5 Be6 11. b3 Be7 12. Rd1 O-O 13. O-O Rc6 14. Ne1 Nd7
15. Bxe7 Qxe7 16. Nc2 f5 17. Nb4 Rcc8 18. Qxd6 Qxd6 19. Rxd6 Nc5 20. Nd3 Nxd3
21. Rxe6 b5 22. exf5 bxc4 23. bxc4 Rxc4 24. Nd5 Rd8 25. Ne7+ Kf7 26. Nc6 Rd5
27. f3 g6 28. fxg6+ hxg6 29. Rxg6 Nf4 30. Rd6 Rdc5 31. Nd8+ Ke7 32. Rfd1 Ne2+
33. Kf2 Nd4 34. Nb7 Rb5 35. Rh6 Rb2+ 36. Kf1 Rcc2 37. Nd6 Rxg2 38. Ne4 Nxf3 39.
Rh7+ Ke6 40. Rd6+ Kf5 41. Ng3+ Kf4 42. Rf7+ Ke3 43. Nf5+ Ke4 44. Ng3+ Rxg3 45.
hxg3 Rxa2 46. Ra7 Ke3 47. Rf7 Ke4 48. Rdf6 Nd4 49. Rf2 0-1

[Event "Women Team Championship Preliminaries"]
[Site "Mulhouse"]
[Date "2016.05.07"]
[Round "3.1"]
[White "Leriche, Ines"]
[Black "Javakhishvili, Lela"]
[Result "0-1"]
[WhiteElo "1912"]
[BlackElo "2493"]
[PlyCount "68"]
[EventDate "2016.05.05"]
[EventType "team"]
[EventRounds "5"]
[EventCountry "FRA"]
[WhiteTeam "Poitiers-Migne"]
[BlackTeam "Bischwiller"]

1. d4 Nf6 2. c4 e6 3. Nc3 Bb4 4. e3 O-O 5. Nge2 Re8 6. a3 Bf8 7. d5 d6 8. Ng3
Nbd7 9. Be2 g6 10. O-O h5 11. Re1 h4 12. Nf1 exd5 13. cxd5 Bg7 14. Qc2 Nc5 15.
f3 c6 16. dxc6 bxc6 17. Bd2 Be6 18. b4 Nb3 19. Rad1 a5 20. b5 c5 21. Nb1 a4 22.
Bc3 d5 23. Nbd2 Qb6 24. Bxf6 Bxf6 25. Nxb3 axb3 26. Qxb3 c4 27. Qa2 Qxb5 28.
Rb1 Qc5 29. a4 Bd7 30. Bd1 d4 31. e4 d3+ 32. Kh1 Bc3 33. Re3 Bd4 34. Re1 Bf2
0-1

[Event "Women Team Championship Preliminaries"]
[Site "Mulhouse"]
[Date "2016.05.07"]
[Round "3.2"]
[White "Maisuradze, Nino"]
[Black "Marchais, Aurelie"]
[Result "1-0"]
[WhiteElo "2239"]
[BlackElo "1782"]
[PlyCount "71"]
[EventDate "2016.05.05"]
[EventType "team"]
[EventRounds "5"]
[EventCountry "FRA"]
[WhiteTeam "Bischwiller"]
[BlackTeam "Poitiers-Migne"]

1. d4 d5 2. c4 c6 3. Nf3 Bf5 4. cxd5 cxd5 5. Qb3 b6 6. Nc3 e6 7. Ne5 Bd6 8.
Qa4+ Nd7 9. e4 Bxe5 10. dxe5 dxe4 11. Bb5 a6 12. Bc6 Rc8 13. Be3 Qc7 14. Bxd7+
Qxd7 15. Qxa6 Ne7 16. Rd1 Nd5 17. O-O O-O 18. Nxd5 exd5 19. Qxb6 Rb8 20. Qd4
Be6 21. b3 Qc7 22. h3 Qa5 23. Qd2 Qa3 24. Rc1 Rfc8 25. Bd4 Ra8 26. Ra1 Rc6 27.
Bb2 Qa6 28. Rfc1 Rac8 29. Rxc6 Rxc6 30. a4 Qc8 31. b4 Rc2 32. Qd4 Qc4 33. a5
Qxd4 34. Bxd4 Bd7 35. a6 Bc6 36. b5 1-0

[Event "Women Team Championship Preliminaries"]
[Site "Mulhouse"]
[Date "2016.05.07"]
[Round "3.3"]
[White "Sommer, Hannah"]
[Black "Fischer, Julie"]
[Result "0-1"]
[WhiteElo "1784"]
[BlackElo "2007"]
[PlyCount "78"]
[EventDate "2016.05.05"]
[EventType "team"]
[EventRounds "5"]
[EventCountry "FRA"]
[WhiteTeam "Poitiers-Migné"]
[BlackTeam "Bischwiller"]

1. d4 Nf6 2. c4 e6 3. Nf3 Bb4+ 4. Nc3 Ne4 5. Qc2 f5 6. a3 Bxc3+ 7. bxc3 b6 8.
g3 Ba6 9. Qb3 Nc6 10. e3 Na5 11. Qa4 Nxc3 12. Qc2 Ne4 13. Bb2 d6 14. Be2 O-O
15. O-O Bb7 16. Rfe1 Ng5 17. Nxg5 Qxg5 18. Bf1 Rae8 19. Bg2 Bxg2 20. Kxg2 Nb7
21. Rad1 Qg6 22. Qa4 f4 23. exf4 Rxf4 24. Qd7 Qf7 25. Qxf7+ Rxf7 26. Re2 Rfe7
27. f4 d5 28. cxd5 exd5 29. Rxe7 Rxe7 30. Kf3 Nd6 31. a4 Nc4 32. Bc1 Kf7 33. g4
c6 34. h4 a5 35. h5 b5 36. Rd3 Re1 37. Ba3 b4 38. Kf2 Rb1 39. Bxb4 Rxb4 0-1

[Event "Women Team Championship Preliminaries"]
[Site "Mulhouse"]
[Date "2016.05.07"]
[Round "3.4"]
[White "Bellahcene, Meriem"]
[Black "Gros, Rachel"]
[Result "0-1"]
[WhiteElo "1858"]
[BlackElo "1611"]
[PlyCount "64"]
[EventDate "2016.05.05"]
[EventType "team"]
[EventRounds "5"]
[EventCountry "FRA"]
[WhiteTeam "Bischwiller"]
[BlackTeam "Poitiers-Migne"]

1. e4 d5 2. exd5 Qxd5 3. Nc3 Qd6 4. d4 Nf6 5. Nf3 a6 6. g3 Bg4 7. Bg2 e6 8. O-O
Be7 9. Bf4 Qd7 10. Qd2 Nc6 11. Ne5 Nxe5 12. Bxe5 Rb8 13. Qf4 Bf5 14. Rac1 O-O
15. Bxc7 Rbc8 16. Be5 Rfd8 17. Qf3 b5 18. Qe2 Ng4 19. Bf4 Nf6 20. Nd1 Nd5 21.
Be3 Bf6 22. c3 Rc7 23. Qd2 Rdc8 24. Bf4 Nxf4 25. Qxf4 h6 26. Ne3 Bg6 27. Qf3 b4
28. c4 Qxd4 29. b3 Qb2 30. Ng4 Bg5 31. Rcd1 Qxb3 32. axb3 Bc2 0-1

[Event "Women Team Championship Preliminaries"]
[Site "Mulhouse"]
[Date "2016.05.07"]
[Round "3.1"]
[White "Doluhanova, Evgenyia"]
[Black "Madl, Ildiko"]
[Result "1-0"]
[WhiteElo "2262"]
[BlackElo "2321"]
[PlyCount "53"]
[EventDate "2016.05.05"]
[EventType "team"]
[EventRounds "5"]
[EventCountry "FRA"]
[WhiteTeam "Vandoeuvre"]
[BlackTeam "Juvisy sur Orge"]

1. e4 c5 2. Na3 Nc6 3. Bb5 g6 4. f4 Bg7 5. Nf3 a6 6. Bxc6 bxc6 7. O-O d5 8. Qe1
c4 9. d3 cxd3 10. cxd3 a5 11. f5 gxf5 12. e5 e6 13. Bg5 f6 14. Bh4 Qc7 15. Rc1
fxe5 16. Kh1 Nh6 17. d4 e4 18. Ne5 Qb6 19. Rxc6 Qxd4 20. Nb5 Qxe5 21. Nc7+ Kd7
22. Nxa8 Kxc6 23. Qxa5 Qxb2 24. Qc7+ Kb5 25. Rc1 Qxc1+ 26. Qxc1 d4 27. Be7 1-0

[Event "Women Team Championship Preliminaries"]
[Site "Mulhouse"]
[Date "2016.05.07"]
[Round "3.2"]
[White "Lam, Sophie"]
[Black "Steil-Antoni, Fiona"]
[Result "1/2-1/2"]
[WhiteElo "2097"]
[BlackElo "2185"]
[PlyCount "86"]
[EventDate "2016.05.05"]
[EventType "team"]
[EventRounds "5"]
[EventCountry "FRA"]
[WhiteTeam "Juvisy sur Orge"]
[BlackTeam "Vandoeuvre"]

1. e4 e5 2. Nf3 Nc6 3. Bb5 a6 4. Ba4 d6 5. h3 Bd7 6. c3 Nge7 7. O-O Ng6 8. d4
Be7 9. Re1 h6 10. Nbd2 Bg5 11. Nf1 Bxc1 12. Rxc1 O-O 13. Ne3 b5 14. Bc2 Re8 15.
Qd2 Nh4 16. Nxh4 Qxh4 17. Nd5 Rac8 18. Re3 Ne7 19. dxe5 dxe5 20. Rg3 Ng6 21.
Re1 Be6 22. Qe2 Red8 23. Bb3 c6 24. Ne3 Bxb3 25. Nf5 Qf4 26. axb3 Rd2 27. Qf1
Rxb2 28. Rxg6 fxg6 29. Ne7+ Kh7 30. Nxc8 Qf8 31. Nb6 Qd8 32. Nc4 bxc4 33. Qxc4
Qb6 34. Re3 Rxb3 35. Rf3 Rb1+ 36. Kh2 Qd8 37. Qe6 Rb6 38. Rf7 Qg8 39. Qe7 Rb8
40. Rf3 Re8 41. Qc5 Qe6 42. Kg1 Re7 43. Qa3 Rf7 1/2-1/2

[Event "Women Team Championship Preliminaries"]
[Site "Mulhouse"]
[Date "2016.05.07"]
[Round "3.3"]
[White "Leclair, Marie"]
[Black "Rasinaru, Alina"]
[Result "0-1"]
[WhiteElo "1953"]
[BlackElo "1941"]
[PlyCount "118"]
[EventDate "2016.05.05"]
[EventType "team"]
[EventRounds "5"]
[EventCountry "FRA"]
[WhiteTeam "Vandoeuvre"]
[BlackTeam "Juvisy sur Orge"]

1. e4 c6 2. Nc3 d5 3. Nf3 dxe4 4. Nxe4 Bf5 5. Ng3 Bg6 6. h4 h6 7. Ne5 Bh7 8.
Qh5 g6 9. Bc4 e6 10. Qe2 Qe7 11. d4 Nd7 12. Nxd7 Qxd7 13. Qe5 O-O-O 14. c3 f6
15. Qa5 Kb8 16. O-O Re8 17. b4 g5 18. b5 Qc7 19. Qxc7+ Kxc7 20. hxg5 hxg5 21.
bxc6 bxc6 22. Re1 Bd6 23. Rxe6 Rxe6 24. Bxe6 Nh6 25. c4 Re8 26. d5 Be5 27. Bxg5
fxg5 28. Re1 Bxg3 29. fxg3 cxd5 30. cxd5 Bf5 31. Rc1+ Kd6 32. Rc6+ Ke5 33. Ra6
Bxe6 34. dxe6 Re7 35. Kf2 Nf5 36. Ra5+ Kf6 37. Ra6 Nd4 38. g4 Nxe6 39. Ra5 Rc7
40. Ke3 Nf4 41. g3 Ne6 42. Kd3 a6 43. Rxa6 Ke5 44. Ra5+ Kf6 45. Ra8 Rd7+ 46.
Ke3 Rd4 47. Kf3 Rd3+ 48. Kf2 Ke5 49. a4 Ra3 50. a5 Ke4 51. Re8 Ra2+ 52. Ke1 Kd5
53. Ra8 Nc5 54. Rg8 Ne4 55. Ra8 Nxg3 56. a6 Kc6 57. a7 Kb7 58. Rg8 Kxa7 59.
Rxg5 Ra1+ 0-1

[Event "Women Team Championship Preliminaries"]
[Site "Mulhouse"]
[Date "2016.05.07"]
[Round "3.4"]
[White "Bismuth, Lea"]
[Black "Sidibe, Malika"]
[Result "1/2-1/2"]
[WhiteElo "1881"]
[BlackElo "1760"]
[PlyCount "128"]
[EventDate "2016.05.05"]
[EventType "team"]
[EventRounds "5"]
[EventCountry "FRA"]
[WhiteTeam "Juvisy sur Orge "]
[BlackTeam "Vandoeuvre"]

1. b3 c5 2. Bb2 Nc6 3. Nf3 d5 4. e3 Bg4 5. Bb5 e6 6. h3 Bh5 7. g4 Bg6 8. Ne5
Qc7 9. c4 f6 10. Bxc6+ bxc6 11. Nxg6 hxg6 12. Qc2 Kf7 13. Nc3 Bd6 14. Na4 Rc8
15. Ba3 Qa5 16. Rc1 Ne7 17. cxd5 cxd5 18. Bxc5 Bxc5 19. Nxc5 Rc7 20. Ke2 Rhc8
21. d4 Nc6 22. Qd2 Nb4 23. Kf3 e5 24. Kg3 Nc6 25. Qxa5 Nxa5 26. Rhd1 exd4 27.
exd4 Nb7 28. Nxb7 Rxc1 29. Nd6+ Ke6 30. Nxc8 Rxd1 31. Nxa7 Rxd4 32. Nb5 Rd2 33.
a4 Kd7 34. Kf4 Rd3 35. b4 Rb3 36. Nd4 Rxb4 37. Ke3 Rxa4 38. h4 Kd6 39. h5 gxh5
40. gxh5 Ke5 41. f4+ Kd6 42. Nf5+ Kc5 43. Nxg7 Ra3+ 44. Kf2 Kd4 45. h6 Rh3 46.
Kg2 Ra3 47. Ne8 Ra8 48. Nxf6 Rh8 49. h7 Kc5 50. Kg3 Kd6 51. Kg4 d4 52. Kg5 Ke6
53. Kg6 Rxh7 54. Nxh7 d3 55. Ng5+ Kd5 56. Nf3 Ke4 57. f5 Kxf3 58. f6 d2 59. f7
d1=Q 60. f8=Q+ Ke2 61. Qe7+ Kd2 62. Qd7+ Kc1 63. Qc6+ Qc2+ 64. Qxc2+ Kxc2
1/2-1/2

[Event "Women Team Championship Preliminaries"]
[Site "Mulhouse"]
[Date "2016.05.07"]
[Round "3.1"]
[White "Paehtz, Elisabeth"]
[Black "Guichard, Pauline"]
[Result "1-0"]
[WhiteElo "2489"]
[BlackElo "2386"]
[PlyCount "65"]
[EventDate "2016.05.05"]
[EventType "team"]
[EventRounds "5"]
[EventCountry "FRA"]
[WhiteTeam "Mulhouse"]
[BlackTeam "Bois-Colombes"]

1. d4 Nf6 2. c4 e6 3. Nc3 Bb4 4. e3 b6 5. Qf3 d5 6. cxd5 exd5 7. a3 Bg4 8. Qg3
Bd6 9. Qh4 c6 10. Bd3 Nbd7 11. f3 Bh5 12. Nge2 Qc7 13. Qh3 O-O 14. O-O b5 15.
Nf4 Bg6 16. Nxg6 hxg6 17. Kh1 a5 18. e4 Qa7 19. Be3 Rfe8 20. Bg1 Nh5 21. Bc2
Qb7 22. e5 Bf8 23. f4 c5 24. f5 Qc6 25. e6 fxe6 26. fxg6 Ndf6 27. Bd1 cxd4 28.
Bxd4 e5 29. Be3 Qc8 30. Rf5 Nf4 31. Bxf4 exf4 32. Bb3 Qe6 33. Bxd5 1-0

[Event "Women Team Championship Preliminaries"]
[Site "Mulhouse"]
[Date "2016.05.07"]
[Round "3.2"]
[White "Fuchs, Judith"]
[Black "Richard, Emma"]
[Result "1-0"]
[WhiteElo "2342"]
[BlackElo "2086"]
[PlyCount "57"]
[EventDate "2016.05.05"]
[EventType "team"]
[EventRounds "5"]
[EventCountry "FRA"]
[WhiteTeam "Bois-Colombes"]
[BlackTeam "Mulhouse"]

1. b3 c5 2. Bb2 Nc6 3. e3 d6 4. Bb5 Bd7 5. f4 Qc7 6. Nf3 a6 7. Be2 e5 8. fxe5
Nxe5 9. O-O Be7 10. Qe1 Bf6 11. Nxe5 dxe5 12. Nc3 Bc6 13. e4 Ne7 14. Qf2 Qd6
15. d3 Ng6 16. Nd1 O-O 17. Ne3 Nf4 18. Kh1 g6 19. Nc4 Qe7 20. g3 Nxe2 21. Qxf6
Qxf6 22. Rxf6 Nd4 23. c3 Ne6 24. Nxe5 Rac8 25. Raf1 Be8 26. Bc1 Kg7 27. Ng4 Rh8
28. Bh6+ Kg8 29. Rxe6 1-0

[Event "Women Team Championship Preliminaries"]
[Site "Mulhouse"]
[Date "2016.05.07"]
[Round "3.3"]
[White "Choisy, Mathilde"]
[Black "Congiu, Mathilde"]
[Result "1/2-1/2"]
[WhiteElo "2181"]
[BlackElo "2267"]
[PlyCount "43"]
[EventDate "2016.05.05"]
[EventType "team"]
[EventRounds "5"]
[EventCountry "FRA"]
[WhiteTeam "Mulhouse"]
[BlackTeam "Bois-Colombes"]

1. e4 e5 2. Nf3 Nc6 3. Bc4 Nf6 4. d3 Be7 5. O-O O-O 6. Re1 d6 7. a4 Kh8 8. a5
a6 9. Nc3 Bg4 10. h3 Bxf3 11. Qxf3 Nd4 12. Qd1 c6 13. Ne2 Nxe2+ 14. Qxe2 d5 15.
exd5 cxd5 16. Bb3 Bb4 17. Bd2 Bxd2 18. Qxd2 Qd6 19. Ra4 Nd7 20. Qb4 Qc6 21.
Raa1 Rfe8 22. Ba4 1/2-1/2

[Event "Women Team Championship Preliminaries"]
[Site "Mulhouse"]
[Date "2016.05.07"]
[Round "3.4"]
[White "Dacalor, Aurelie"]
[Black "Neuhauser, Salome"]
[Result "0-1"]
[WhiteElo "2001"]
[BlackElo "2082"]
[PlyCount "60"]
[EventDate "2016.05.05"]
[EventType "team"]
[EventRounds "5"]
[EventCountry "FRA"]
[WhiteTeam "Bois-Colombes"]
[BlackTeam "Mulhouse"]

1. d4 Nf6 2. c4 c5 3. d5 e6 4. Nc3 exd5 5. cxd5 d6 6. Bg5 g6 7. e3 Bg7 8. h3
Qa5 9. Qd2 a6 10. f3 b5 11. e4 O-O 12. Nge2 Nbd7 13. Nc1 Nh5 14. Be7 Re8 15.
Bxd6 f5 16. g4 b4 17. N3e2 fxe4 18. fxe4 Nhf6 19. Bg2 Nxe4 20. Bxe4 Rxe4 21.
O-O Bb7 22. Rf4 Rae8 23. Rxe4 Rxe4 24. Ng3 Ne5 25. Bxe5 Rxe5 26. Nb3 Qb6 27.
Qf2 Rxd5 28. Re1 Qd8 29. Ne4 c4 30. Qa7 Rb5 0-1

[Event "Women Team Championship Preliminaries"]
[Site "Mulhouse"]
[Date "2016.05.07"]
[Round "3.1"]
[White "Vega Gutierrez, Sabrina"]
[Black "Brunello, Marina"]
[Result "1-0"]
[WhiteElo "2375"]
[BlackElo "2336"]
[PlyCount "85"]
[EventDate "2016.05.05"]
[EventType "team"]
[EventRounds "5"]
[EventCountry "FRA"]
[WhiteTeam "Evry"]
[BlackTeam "Villepinte"]

1. d4 d5 2. c4 c6 3. Nf3 Nf6 4. e3 Bf5 5. Nc3 e6 6. Nh4 Be4 7. f3 Bg6 8. Qb3
Qb6 9. Nxg6 hxg6 10. Bd2 Nbd7 11. O-O-O Qxb3 12. axb3 Bd6 13. h3 a6 14. Bd3
O-O-O 15. Kc2 Kb8 16. Ra1 c5 17. Rhd1 Rc8 18. dxc5 Bxc5 19. e4 dxe4 20. Nxe4
Nxe4 21. Bxe4 Nf6 22. b4 Nxe4 23. fxe4 Bb6 24. c5 Bc7 25. Bc3 Rh4 26. e5 f6 27.
Rd7 Bxe5 28. Rxg7 Rd8 29. c6 bxc6 30. Rxa6 Bxc3 31. bxc3 Rc8 32. Rb6+ Ka8 33.
Ra6+ Kb8 34. Raa7 Rd8 35. Rab7+ Ka8 36. Rbc7 g5 37. Rxc6 Re4 38. b5 Kb8 39.
Rb6+ Ka8 40. Re7 Re2+ 41. Kb3 Rd5 42. c4 Rde5 43. Rd6 1-0

[Event "Women Team Championship Preliminaries"]
[Site "Mulhouse"]
[Date "2016.05.07"]
[Round "3.2"]
[White "Bellaiche, Elise"]
[Black "Milliet, Sophie"]
[Result "1/2-1/2"]
[WhiteElo "2075"]
[BlackElo "2346"]
[PlyCount "115"]
[EventDate "2016.05.05"]
[EventType "team"]
[EventRounds "5"]
[EventCountry "FRA"]
[WhiteTeam "Villepinte"]
[BlackTeam "Evry"]

1. e4 c5 2. Nf3 d6 3. d4 cxd4 4. Nxd4 Nf6 5. Nc3 a6 6. h3 e5 7. Nde2 b5 8. Bg5
Be7 9. Bxf6 Bxf6 10. Nd5 Nc6 11. Nec3 O-O 12. Bd3 Be6 13. O-O Bg5 14. a3 Rb8
15. Kh1 Ne7 16. Nxe7+ Qxe7 17. Be2 Rfc8 18. Bg4 Rc4 19. Qf3 g6 20. Bxe6 fxe6
21. Rad1 a5 22. Qd3 Qc7 23. Qxd6 Qxd6 24. Rxd6 b4 25. axb4 axb4 26. Na4 Rxc2
27. b3 Rf8 28. Kg1 Re2 29. Rxe6 Rexf2 30. Rxf2 Be3 31. Kh2 Rxf2 32. Kg3 Rf1 33.
h4 Bf4+ 34. Kh3 h5 35. g3 Rf3 36. Rxg6+ Kf7 37. Kg2 Rxb3 38. Rb6 Rxg3+ 39. Kf1
Bd2 40. Nc5 Bc3 41. Rb7+ Kg8 42. Na6 Rf3+ 43. Kg2 Rf4 44. Nxb4 Bxb4 45. Rxb4
Rxh4 46. Kg3 Rg4+ 47. Kf3 Kg7 48. Rb5 Rg5 49. Rb7+ Kh6 50. Rb8 Kh7 51. Rb7+ Rg7
52. Rb5 Re7 53. Kg3 Kg6 54. Kh4 Re6 55. Ra5 Kh6 56. Rb5 Kg6 57. Ra5 Kh6 58. Rb5
1/2-1/2